000 00727 a2200277 4500
001 22385
003 TR-AnTOB
005 20241119155926.0
008 041102s2002 tu tur
020 _a9750702646
040 _aTR-AnTOB
_beng
_erda
_cTR-AnTOB
041 _atur
050 _aPL248.Y832
_bU93 2002
090 _aPL248.Y832 U93 2002
100 _aYüce, Can Bahadır
_915795
245 0 _aUzakta beyaz /
_cCan Bahadır Yüce.
264 1 _aİstanbul :
_bCan Yayınları,
_c2002
300 _a69 p. ;
_c20 cm.
336 _atext
_btxt
_2rdacontent
337 _aunmediated
_bn
_2rdamedia
338 _avolume
_bnc
_2rdacarrier
650 7 _aTürk şiiri
_2etuturkob
_984273
902 _a0006436
942 _cBK
_2lcc
999 _c22385
_d9047